01552nam a2200385Ia 4500001001200000003000800012006001900020007001500039008004100054010001700095020001500112040002100127035002100148050002800169082001800197245012100215250001200336260008300348300002400431490001700455500002000472500006600492500002000558504006400578533015200642630002700794650002100821650001700842655002900859700002100888710009600909710001701005830001801022856012601040ebr10113002CaPaEBRm u cr cn|||||||||040616s2003 nyua sb 001 0 eng d z 2004273228 z0738499692 aCaPaEBRcCaPaEBR a(OCoLC)13734228914aQA76.9.D3bD4645 2003eb04a005.75/7522200aDeploying Oracle 9iRAC on IBM e-server Cluster 1600 with GPFSh[electronic resource] /c[Octavian Lascu ... et al.]. a1st ed. aPoughkeepsie, NY :bIBM, International Technical Support Organization,cc2003. axii, 248 p. :bill.1 aIBM redbooks a"SG24-6954-00." aThe "e" in "eserver" is printed as the symbol for electronic. a"October 2003." aIncludes bibliographical references (p. 241-242) and index. aElectronic reproduction.bPalo Alto, Calif. :cebrary,d2009.nAvailable via World Wide Web.nAccess may be limited to ebrary affiliated libraries.00aOracle (Computer file) 0aDatabase design. 0aWeb servers. 7aElectronic books.2local1 aLascu, Octavian.2 aInternational Business Machines Corporation.bInternational Technical Support Organization.2 aebrary, Inc. 0aIBM redbooks.40uhttp://site.ebrary.com/lib/rucke/Doc?id=10113002zAn electronic book accessible through the World Wide Web; click to view